Ángel Pérez Murillo (Record no. 184724)

MARC details
000 -LEADER
campo de control de longitud fija 01017nam a2200253 i 4500
001 - NÚMERO DE CONTROL
campo de control 184724
003 - IDENTIFICADOR DE NÚMERO DE CONTROL
campo de control ES-MaACL
005 - FECHA Y HORA DE LA ÚLTIMA TRANSACCIÓN
campo de control 20250819173745.0
008 - DATOS DE LONGITUD FIJA--INFORMACIÓN GENERAL
campo de control de longitud fija 151118s2014 sp aco |||| |bspa d
080 ## - NÚMERO DE LA CLASIFICACIÓN DECIMAL UNIVERSAL
Número de la Clasificación Decimal Universal 929 Á. Pérez Murillo, Beato
245 00 - MENCIÓN DEL TÍTULO
Título Ángel Pérez Murillo
Resto del título : montanchego y mártir /
Mención de responsabilidad, etc. edición al cuidado de Luis Romero Sevilla, Hilario Jiménez Gómez.
260 ## - PUBLICACIÓN, DISTRIBUCIÓN, ETC.
Lugar de publicación, distribución, etc. Montánchez (Cáceres) :
Nombre del editor, distribuidor, etc. Parroquia de San Mateo apóstol,
Fecha de publicación, distribución, etc. [2014]
300 ## - DESCRIPCIÓN FÍSICA
Extensión 157 p. :
Otras características físicas il., fot. ;
Dimensiones 24 cm.
490 1# - MENCIÓN DE SERIE
Mención de serie Monte Tances ;
Designación de volumen o secuencia 1
600 17 - PUNTO DE ACCESO ADICIONAL DE MATERIA--NOMBRE DE PERSONA
Nombre de persona Pérez Murillo, Ángel,
Fechas asociadas al nombre 1915-1936
Fuente del encabezamiento o término
9 (RLIN) 158178
700 1# - ENTRADA AGREGADA--NOMBRE PERSONAL
Nombre de persona Romero Sevilla, Luis.
9 (RLIN) 158179
700 1# - ENTRADA AGREGADA--NOMBRE PERSONAL
Nombre de persona Jiménez Gómez, Hilario,
Fechas asociadas al nombre 1974-
9 (RLIN) 158180
710 1# - ENTRADA AGREGADA--NOMBRE DE ENTIDAD CORPORATIVA
Nombre de entidad corporativa o nombre de jurisdicción como elemento de entrada Montánchez.
Unidad subordinada Ayuntamiento.
9 (RLIN) 158181
830 0# - PUNTO DE ACCESO ADICIONAL DE SERIE-TÍTULO UNIFORME
Título uniforme Monte Tances ;
Designación de volumen o secuencia 1
9 (RLIN) 225121
852 ## - LOCALIZACIÓN
Ubicación ES-MaACL
Número de control de estantería A-13627
itemnumber 191735
Sublocalización o colección R.150943
Ubicación en estantería Depósito 1
Signatura antigua Olim: N-6627
Donativo/Legado Donación: José Lázaro
903 ## - NOMBRE PERSONAL DE DONANTE
9 234219
a Lázaro García, José
e Donante
942 ## - ELEMENTOS DE ENTRADA SECUNDARIOS (KOHA)
Fuente del sistema de clasificación o colocación Clasificación decimal universal
Tipo de ítem Koha Libro impreso
Holdings
Estatus retirado Estado de pérdida Fuente del sistema de clasificación o colocación Estado de daño No para préstamo Biblioteca de origen Biblioteca actual Ubicación en estantería Fecha de adquisición Fuente de adquisición Total de préstamos Signatura topográfica completa Código de barras Visto por última vez Precio de reemplazo Tipo de ítem Koha
    Clasificación decimal universal     Biblioteca del Ateneo de Madrid Biblioteca del Ateneo de Madrid Depósito 1 18/11/2015 Donación   A-13627 1194504 23/02/2023 23/02/2023 Libro impreso